Biggest Cities in Hawaii on a Map - Statistics

General Stats
  • This quiz has been taken 389 times
  • The average score is 5 of 10
Answers on the Map
Answers color-coded by a green-red scale on the quiz's map according to % correct below.
 
Answer Stats
Population City % Correct
337,256 Honolulu
100%
43,263 Hilo
87%
47,698 Pearl City
64%
49,914 East Honolulu
55%
26,337 Kahului
50%
38,635 Kailua
46%
34,597 Kaneohe
39%
38,216 Waipahu
39%
22,690 Ewa Gentry
34%
27,629 Mililani Town
29%
No matching quizzes found
Score Distribution
Percent of People with Each Score
Percentile by Number Answered
Your Score History
You have not taken this quiz